Bách khoa dinh dưỡng,Hội Dinh dưỡng học Thượng Hải ( Thượng Hải thị dinh dưỡng học hội biên )

Enregistré dans:
Détails bibliographiques
Auteur principal: Hội Dinh dưỡng học Thượng Hải
Format: Livre
Langue:Undetermined
Publié: H. Phụ Nữ 2002
Sujets:
Tags: Ajouter un tag
Pas de tags, Soyez le premier à ajouter un tag!
Thư viện lưu trữ: Trung tâm Học liệu Trường Đại học Cần Thơ
LEADER 00609nam a2200169Ia 4500
001 CTU_54327
008 210402s9999 xx 000 0 und d
020 |b 98000 
082 |a 613.2 
082 |b H452 
100 |a Hội Dinh dưỡng học Thượng Hải 
245 0 |a Bách khoa dinh dưỡng,Hội Dinh dưỡng học Thượng Hải ( Thượng Hải thị dinh dưỡng học hội biên ) 
260 |a H. 
260 |b Phụ Nữ 
260 |c 2002 
650 |a nutrition,diet therapy,diet-kitchens,dietetics 
980 |a Trung tâm Học liệu Trường Đại học Cần Thơ